| 000 | 00383nam a2200145Ia 4500 | ||
|---|---|---|---|
| 008 | 240307s9999||||xx |||||||||||||| ||und|| | ||
| 020 | _a9789387593206 | ||
| 082 |
_a610 _bSha/P |
||
| 100 | _aDeore,Sharada | ||
| 245 | 0 | _aPharmacognosy and Phytochemistry a Companion Handbook | |
| 250 | _a2nd Edition | ||
| 260 |
_aHyderabad _bPharmamed Press _c2022 |
||
| 300 | _a360p. | ||
| 942 | _cBK | ||
| 999 |
_c43799 _d43799 |
||